<?xml version="1.0" encoding="UTF-8"?>
<collection xmlns="http://www.loc.gov/MARC21/slim">
    <record>
        <controlfield tag="001">67410</controlfield>
        <controlfield tag="005">20180223094908.0</controlfield>
        <datafield tag="037" ind1=" " ind2=" ">
            <subfield code="a">GDOC-2016-29733</subfield>
        </datafield>
        <datafield tag="041" ind1=" " ind2=" ">
            <subfield code="a">spa</subfield>
        </datafield>
        <datafield tag="100" ind1=" " ind2=" ">
            <subfield code="0">(orcid)0000-0003-4631-6994</subfield>
            <subfield code="1">134426</subfield>
            <subfield code="a">Royo Herrer, Francisco Javier</subfield>
        </datafield>
        <datafield tag="245" ind1="0" ind2="0">
            <subfield code="9">29733</subfield>
            <subfield code="a">Sistemas térmicos de generación</subfield>
        </datafield>
        <datafield tag="260" ind1=" " ind2=" ">
            <subfield code="a">Zaragoza</subfield>
            <subfield code="b">Universidad de Zaragoza</subfield>
            <subfield code="c">2016-2017</subfield>
        </datafield>
        <datafield tag="520" ind1=" " ind2=" ">
            <subfield code="a">Esta asignatura optativa se imparte en dos titulaciones:

Grado en Ingeniería de Tecnologías Industriales, materia Energía.
Grado en Ingeniería Mecánica, materia Ingeniería Térmica y de Fluidos.

Se trata de una asignatura de 6 créditos que se imparte en el primer cuatrimestre de cuarto curso. Su objetivo es capacitar al alumno para conocer, comprender y analizar desde un punto de vista tecnológico, energético, económico y medioambiental las centrales termoeléctricas y las turbomáquinas térmicas.</subfield>
            <subfield code="b"> </subfield>
        </datafield>
        <datafield tag="521" ind1=" " ind2=" ">
            <subfield code="9">149</subfield>
            <subfield code="a">Ingeniería Mecánica</subfield>
        </datafield>
        <datafield tag="540" ind1=" " ind2=" ">
            <subfield code="a">by-nc-sa</subfield>
            <subfield code="b">Creative Commons</subfield>
            <subfield code="c">3.0</subfield>
            <subfield code="u">http://creativecommons.org/licenses/by-nc-sa/3.0/</subfield>
        </datafield>
        <datafield tag="700" ind1=" " ind2=" ">
            <subfield code="0">(orcid)0000-0001-9967-5806</subfield>
            <subfield code="1">323713</subfield>
            <subfield code="a">Peña Pellicer, María Begoña</subfield>
        </datafield>
        <datafield tag="700" ind1=" " ind2=" ">
            <subfield code="0">(orcid)0000-0002-7893-698X</subfield>
            <subfield code="1">385468</subfield>
            <subfield code="a">Muñoz Rodríguez, Mariano</subfield>
        </datafield>
        <datafield tag="830" ind1=" " ind2=" ">
            <subfield code="9">434</subfield>
        </datafield>
        <datafield tag="856" ind1="4" ind2=" ">
            <subfield code="s">17291</subfield>
            <subfield code="u">http://zaguan.unizar.es/record/67410/files/guia-29733-es.pdf</subfield>
            <subfield code="y">Guía (idioma español)</subfield>
        </datafield>
        <datafield tag="856" ind1="4" ind2=" ">
            <subfield code="s">7370</subfield>
            <subfield code="u">http://zaguan.unizar.es/record/67410/files/guia-29733-en.pdf</subfield>
            <subfield code="y">Guide (english)</subfield>
        </datafield>
        <datafield tag="970" ind1=" " ind2=" ">
            <subfield code="a">GDOC-2016-29733</subfield>
        </datafield>
        <datafield tag="980" ind1=" " ind2=" ">
            <subfield code="a">GDOC</subfield>
            <subfield code="b">Ingeniería y arquitectura</subfield>
            <subfield code="c">110</subfield>
        </datafield>
    </record>

    
</collection>